Taylor Swift mystery lyrics #19 - Statistics

General Stats
  • This quiz has been taken 102 times
    91 since last reset
  • The average score is 129 of 242
Answer Stats
Answer % Correct
A
100%
a
100%
I
100%
you
97%
and
93%
And
93%
be
91%
in
91%
it
91%
the
91%
love
90%
when
90%
me
89%
on
87%
to
87%
Is
84%
where
84%
it's
83%
my
83%
if
80%
no
80%
Too
80%
All
79%
know
79%
So
79%
so
79%
that
79%
what
79%
What
79%
of
77%
this
76%
for
74%
but
73%
But
73%
I'll
73%
At
70%
at
70%
I'd
70%
was
70%
were
70%
are
66%
have
66%
would
66%
knew
63%
one
61%
had
60%
just
60%
never
60%
them
59%
with
59%
With
59%
Out
57%
wanted
54%
from
53%
night
51%
Should
51%
get
46%
isn't
46%
wouldn't
46%
their
44%
nothing
40%
thought
40%
take
39%
here
37%
something
37%
Something
37%
these
36%
into
33%
life
31%
home
30%
took
30%
dream
29%
free
29%
start
29%
known
27%
let
27%
long
27%
call
26%
alone
24%
friends
24%
they've
24%
dark
23%
least
23%
light
23%
young
23%
before
21%
beautiful
20%
feel
20%
lost
20%
wait
20%
ghosts
19%
watch
19%
again
17%
chances
16%
dance
16%
haunted
16%
hope
16%
world
16%
dare
14%
cling
13%
Follow
13%
lead
13%
memory
13%
ones
13%
rooms
13%
streets
13%
ago
11%
London
11%
safe
11%
wild
11%
alive
10%
maybe
10%
memories
10%
Visions
10%
voices
10%
calling
9%
flicker
9%
wander
9%
beauty
7%
Born
7%
dawning
7%
dazzling
7%
fear
7%
mystical
7%
within
7%
broken
6%
Perilous
6%
phantoms
6%
Scared
6%
taming
6%
No matching quizzes found
Score Distribution
Percent of People with Each Score
Percentile by Number Answered
Your Score History
You have not taken this quiz since the last reset